Catalog

Record Details

Catalog Search



Nature play at home : creating outdoor spaces that ... Read More

Available copies

  • 1 of 1 copy available at LARL/NWRL Consortium.
  • 1 of 1 copy available at Lake Agassiz Regional Library. (Show preferred library)

Current holds

1 current hold with 1 total copy.

Show Only Available Copies
Location Call Number / Copy Notes Barcode Shelving Location Status Due Date
Crookston Public Library 796.083 STR (Text) 33500013036207 Main Available -

Record details

  • ISBN: 9781604698251
  • ISBN: 160469825X
  • Physical Description: pages cm
  • Publisher: Portland, Oregon : Timber Press, 2019.

Content descriptions

Bibliography, etc. Note:
Includes bibliographical references and index.
Formatted Contents Note:
Arranging spaces -- Awakening senses -- ... Read More
Subject: Outdoor recreation for children.
Nature study.
Play.
Nature study.
Outdoor recreation for children.
Play.
LDR 01626cam a22004098i 4500
001310338
003LARL_NWRL_CONSORTIUM
00520190215165011.0
008180907s2019 oru b 001 0 eng
010 . ‡a 2018038898
040 . ‡aDNAL/DLC ‡beng ‡erda ‡cDLC ‡dOCLCF ‡dOCLCO
020 . ‡a9781604698251 ‡q(pbk.)
020 . ‡a160469825X
035 . ‡a(OCoLC)1052903497
042 . ‡apcc
0700 . ‡aGV191.63 ‡b.S77 2019
08200. ‡a796.083 ‡223
1001 . ‡aStriniste, Nancy, ‡d1958- ‡eauthor.
24510. ‡aNature play at home : ‡bcreating outdoor spaces that connect children with the natural world / ‡cNancy Striniste ; illustrations by Jen Ren.
264 1. ‡aPortland, Oregon : ‡bTimber Press, ‡c2019.
300 . ‡apages cm
336 . ‡atext ‡2rdacontent
337 . ‡aunmediated ‡2rdamedia
338 . ‡avolume ‡2rdacarrier
504 . ‡aIncludes bibliographical references and index.
5050 . ‡aArranging spaces -- Awakening senses -- Challenging bodies -- Inviting nature -- Inspiring imagination -- Building confidence -- Creating comfort -- Taking action.
650 0. ‡aOutdoor recreation for children. ‡0(LARL_NWRL_CONSORTIUM)27371
650 0. ‡aNature study. ‡0(LARL_NWRL_CONSORTIUM)26607
650 0. ‡aPlay. ‡0(LARL_NWRL_CONSORTIUM)28339
650 7. ‡aNature study. ‡2fast ‡0(LARL_NWRL_CONSORTIUM)26607
650 7. ‡aOutdoor recreation for children. ‡2fast ‡0(LARL_NWRL_CONSORTIUM)27371
650 7. ‡aPlay. ‡2fast ‡0(LARL_NWRL_CONSORTIUM)28339
77608. ‡iOnline version: ‡aStriniste, Nancy, 1958- author. ‡tNature play at home ‡dPortland, Oregon : Timber Press, 2019 ‡z9781604698961 ‡w(DLC) 2018044004
905 . ‡uvanderl
901 . ‡a310338 ‡b ‡c310338 ‡tbiblio ‡soclc

Additional Resources